Biochemical endocrinology of the vertebrates (Record no. 129194)

MARC details
000 -LEADER
fixed length control field 00776cam a2200253 4500
008 - FIXED-LENGTH DATA ELEMENTS--GENERAL INFORMATION
fixed length control field
020 ## - INTERNATIONAL STANDARD BOOK NUMBER
International Standard Book Number 0130764892 (pbk.)
049 ## - LOCAL HOLDINGS (OCLC)
Holding library MAIN
090 ## - LOCALLY ASSIGNED LC-TYPE CALL NUMBER (OCLC); LOCAL CALL NUMBER (RLIN)
Classification number (OCLC) (R) ; Classification number, CALL (RLIN) (NR) QP187.A1
Local cutter number (OCLC) ; Book number/undivided call number, CALL (RLIN) FRI
003 - CONTROL NUMBER IDENTIFIER
control field
005 - DATE AND TIME OF LATEST TRANSACTION
control field 20230123122159.0
040 ## - CATALOGING SOURCE
Transcribing agency NUST
100 ## - MAIN ENTRY--PERSONAL NAME
Personal name Frieden, Earl.
245 #0 - TITLE STATEMENT
Title Biochemical endocrinology of the vertebrates
Statement of responsibility, etc. by Earl Frieden [and] Harry Lipner.
260 ## - PUBLICATION, DISTRIBUTION, ETC.
Place of publication, distribution, etc. New Jersey :
Name of publisher, distributor, etc. Prentice-Hall,
Date of publication, distribution, etc. 1971.
300 ## - PHYSICAL DESCRIPTION
Extent xii, 164 p.
Other physical details ill.
Dimensions 24 cm.
440 #0 - SERIES STATEMENT/ADDED ENTRY--TITLE
Title Foundations of modern biochemistry series.
500 ## - GENERAL NOTE
General note Includes index.
504 ## - BIBLIOGRAPHY, ETC. NOTE
Bibliography, etc. note Includes bibliographical references.
650 #0 - SUBJECT ADDED ENTRY--TOPICAL TERM
Topical term or geographic name entry element Endocrinology.
700 ## - ADDED ENTRY--PERSONAL NAME
Personal name Lipner, Harry.
907 ## - LOCAL DATA ELEMENT G, LDG (RLIN)
a .b10366441
b 23-11-15
c 19-11-15
942 ## - ADDED ENTRY ELEMENTS (KOHA)
Koha item type Ordinary Loan Books
Call number prefix QP187.A1
Call number suffix FRI
Holdings
Date last seen Total Checkouts Full call number Barcode Cost, replacement price Price effective from Koha item type Lost status Source of classification or shelving scheme Damaged status Not for loan Collection Withdrawn status Home library Current library Shelving location Date acquired Cost, normal purchase price
01/23/2023   QP187.A1 FRI 92004037674 80.00 01/23/2023 BOOKS   LCC     NFIC   MAIN MAIN GEN 01/23/2023 80.00